Get through plab part 1: 500 single best answer questions (Record no. 31539)

MARC details
000 -LEADER
fixed length control field 00693nam a2200169 a 4500
008 - FIXED-LENGTH DATA ELEMENTS--GENERAL INFORMATION
fixed length control field 160217s2011 ||||||||||||||||| || u
020 ## - INTERNATIONAL STANDARD BOOK NUMBER
International Standard Book Number 9781853156380
050 ## - LIBRARY OF CONGRESS CALL NUMBER
Classification number R 834.5 Coa
100 ## - MAIN ENTRY--PERSONAL NAME
Personal name Coales, Una
245 10 - TITLE STATEMENT
Title Get through plab part 1: 500 single best answer questions
Statement of responsibility, etc. By Una Coales
260 ## - PUBLICATION, DISTRIBUTION, ETC.
Place of publication, distribution, etc. London:
Name of publisher, distributor, etc. Edward Arnold
Date of publication, distribution, etc. 2011
300 ## - PHYSICAL DESCRIPTION
Extent xii, 155p.
350 ## -
-- 46.95
650 ## - SUBJECT ADDED ENTRY--TOPICAL TERM
Topical term or geographic name entry element PROFESSIONAL AND LINGUISTIC ASSESSMENTS BOARD TEST
650 ## - SUBJECT ADDED ENTRY--TOPICAL TERM
Topical term or geographic name entry element MEDICINE--EXAMINATIONS, QUESTIONS, ETC
995 ## -
-- MICHAEL CHILUFYA SATA OPEN ACCESS
-- 903422
-- CBU-SCHOOL OF MEDICINE LIBRARY (Ndola)
-- 46.95
-- R 834.5 Coa
-- 1
-- AVAILABLE
-- Feb 22, 2016
-- 903422
-- Medical Library Open Access Collection
999 ## -
-- 31539
-- 31539
Holdings
Withdrawn status Lost status Source of classification or shelving scheme Damaged status Not for loan Permanent Location Current Location Shelving location Date acquired Total Checkouts Full call number Barcode Date last seen Price effective from Koha item type
          CBU-SCHOOL OF MEDICINE LIBRARY, NDOLA. CBU-SCHOOL OF MEDICINE LIBRARY, NDOLA.   11/30/2022   R 834.5 Coa 903422 11/30/2022 11/30/2022 MONOGRAPH